[Event "51st Biel GM 2018"]
[Site "Biel SUI"]
[Date "2018.07.27"]
[Round "6.1"]
[White "Navara, David"]
[Black "Carlsen, Magnus"]
[Result "1/2-1/2"]
[WhiteElo "2741"]
[BlackElo "2842"]
[PlyCount "89"]
[EventDate "2018.07.22"]

1. d4 Nf6 2. c4 e6 3. Nf3 d5 4. Nc3 c5 {Navara said he was a bit surprised
about this.} 5. cxd5 Nxd5 6. e4 Nxc3 7. bxc3 cxd4 8. cxd4 Bb4+ 9. Bd2 Bxd2+ 10.
Qxd2 O-O 11. Rc1 b6 12. Bd3 Ba6 {Here Navara was "out of book." "I remembered
this was supposed to be the best here." (Carlsen)} 13. Bxa6 (13. O-O Bxd3 14.
Qxd3 Nd7 15. e5 Re8 16. Rc3 Nf8 {Li,C (2725)-Wei,Y (2734) Ningbo 2018}) 13...
Nxa6 14. O-O Rc8 (14... Qe7 15. Qe2 Qb7 16. Ne5 Rac8 17. h4 Nb8 18. Nc4 Qa6 19.
Rc2 Nd7 {So,W (2788)-Dominguez Perez,L (2739) Saint Louis 2017}) 15. Rxc8 (15.
h4 $5 Qd6 (15... h6 $5)) 15... Qxc8 16. Rc1 Qb7 17. Qc2 Nb4 {Navara was
surprised that this move "worked."} 18. Qc4 a5 19. a3 b5 20. Qc7 Qxc7 21. Rxc7
Nd3 22. g3 (22. Rc3 Nf4 {and}) (22. d5 exd5 23. exd5 Rd8 24. Nd4 g6 {are equal.
}) 22... Rb8 {Navara expected it to finish in a draw but then got surprised
about this move.} (22... f5 23. Ng5 b4 24. axb4 axb4 {is equal.}) (22... Ra8 $6
23. Kf1 b4 (23... a4 24. Ke2 Nb2 25. Nd2) 24. Ke2 Nb2 25. axb4 axb4 26. Rb7) (
22... h6 23. Rc3 Nb2 24. Rb3 Nc4 25. Rxb5 Ra8 26. Rb3 a4 27. Rc3 Nd6 {might
also be possible.}) 23. Rc3 {"A winning attempt." (Navara)} (23. d5 exd5 24.
exd5 g6) 23... Nb2 24. Ne5 f6 $1 {With this move Carlsen calculated more or
less everything that follows.} (24... Nc4 $6 25. Nxc4 Rc8 26. Kf1 bxc4 27. Ke2
Kf8 28. Kd2) 25. Nc6 Ra8 26. Rb3 Nc4 27. Rxb5 a4 28. d5 exd5 29. exd5 Nxa3 30.
Rc5 (30. Rb4 Nc2 31. Rb2 a3 ({not} 31... Na3 $2 32. d6 Nc4 33. d7 Nxb2 34. Ne7+
Kf7 35. Nc8) 32. Ra2 Ra6 33. Kf1 Kf7 {is also a draw.}) 30... Kf7 31. Nd4 Ke7 (
{Navara had seen} 31... Ra7 32. d6 Ke8 33. Rc7 Rxc7 34. dxc7 Kd7 35. Ne6 {
followed by 36.Nc5+.}) 32. Rc3 Nb1 33. Rc7+ Kd6 34. Nb5+ Kxd5 (34... Ke5 35.
f4+ (35. Re7+ Kxd5 36. Re1 Nd2 37. Nc7+ Kd6 38. Nxa8 Nf3+ 39. Kf1 Nxe1 40. Nb6)
35... Ke4 36. d6 a3 37. Re7+ Kd5 38. d7 a2 39. Re8 a1=Q 40. Rxa8 Qxa8 41. Nc7+
Kc6 42. Nxa8 Kxd7 43. Nb6+ {Navara}) 35. Rc1 a3 36. Rxb1 a2 37. Nc3+ Kd4 38.
Nxa2 ({Carlsen pointed out a line another drawing that Navara hadn't seen:} 38.
Ne2+ Kd3 39. Nc1+ Kc2 40. Ra1 Kb2 41. Rxa2+ Rxa2 42. Nxa2 Kxa2 43. Kg2 Kb3 44.
Kf3 Kc4 45. Ke4 Kc5) 38... Rxa2 39. Rb7 Ke4 40. Kg2 g5 41. Rxh7 Kf5 42. Rg7 g4
43. Rh7 Kg6 44. Rh4 f5 45. h3 1/2-1/2

[Event "51st Biel GM 2018"]
[Site "Biel SUI"]
[Date "2018.07.27"]
[Round "6.2"]
[White "Georgiadis, Nico"]
[Black "Mamedyarov, Shakhriyar"]
[Result "0-1"]
[WhiteElo "2526"]
[BlackElo "2801"]
[PlyCount "78"]
[EventDate "2018.07.22"]

1. e4 c5 2. Nf3 d6 3. d4 cxd4 4. Nxd4 Nf6 5. Nc3 a6 6. Be2 e5 7. Nb3 Be7 8. Be3
Be6 9. Nd5 Nbd7 10. Qd3 Bxd5 11. exd5 Rc8 12. c4 O-O 13. O-O Ne8 14. Qd2 (14.
f3 g6 15. Kh1 Ng7 16. Bg1 Bg5 17. Rad1 h5 18. Nd2 f5 {Karjakin,S (2782)
-Grischuk,A (2766) Paris 2018}) 14... b6 15. Rac1 a5 16. Na1 f5 (16... g6 17.
b4 Ng7 18. bxa5 bxa5 19. Bd3 Nc5 20. Bc2 a4 {Carlsen,M (2853)-Grischuk,A (2771)
Saint Louis 2015}) 17. f3 (17. f4 $5) 17... f4 18. Bf2 Bh4 19. Bd3 Bxf2+ 20.
Qxf2 Nc5 21. Bc2 g6 $5 {"If I play ...g6, I can always play ...g5. If I play ..
.g5, I can never play ...g6 anymore." (Mamedyarov)} (21... g5 22. Nb3 Nxb3 23.
Bxb3 Ng7 24. Bc2 {was what Georgiadis was hoping for.}) 22. Rfe1 Ng7 23. Be4
Qd7 24. Nc2 Nf5 25. b3 Kh8 26. Rb1 Ng7 ({Mamedyarov wasn't sure of} 26... g5
27. a3 Rg8 28. b4 axb4 29. axb4 Nxe4 30. fxe4 (30. Rxe4) 30... Nh4 31. Qxb6 g4
32. c5 g3 {but Georgadis was completely right when he said: "This looks like
mate."}) 27. Na3 Nf5 28. Nb5 Rf6 (28... Ne3 29. Rxe3 fxe3 30. Qxe3 {and White
is OK (Mamedyarov).}) 29. a3 g5 30. Nc3 $2 ({White had to take here:} 30. Bxf5
Qxf5 (30... Rxf5) 31. b4 axb4 32. axb4 Nd3 {and now the point missed by
Georgiadis:} 33. Qc2 $1 Nxe1 34. Qxf5 Rxf5 35. Nxd6 {Mamedyarov}) 30... Nd4 31.
b4 axb4 32. Rxb4 g4 33. Qh4 ({After} 33. Rxb6 {Black has many strong moves, e.
g.} g3 (33... Rg8) (33... gxf3)) 33... Nxe4 34. Nxe4 Rg6 35. fxg4 Nc2 36. Rxb6
Nxe1 37. Nf6 Qg7 38. Rxd6 Rh6 39. Qxe1 Rxf6 0-1

[Event "51st Biel GM 2018"]
[Site "Biel SUI"]
[Date "2018.07.29"]
[Round "7.2"]
[White "Carlsen, Magnus"]
[Black "Vachier-Lagrave, Maxime"]
[Result "1/2-1/2"]
[WhiteElo "2842"]
[BlackElo "2779"]
[PlyCount "97"]
[EventDate "2018.07.22"]

1. e4 c5 2. Nf3 d6 3. d4 cxd4 4. Nxd4 Nf6 5. Nc3 a6 6. f3 e5 7. Nb3 Be6 8. Be3
h5 9. Qd2 Nbd7 10. Nd5 Bxd5 11. exd5 g6 12. Be2 (12. O-O-O Nb6 13. Kb1 Nbxd5
14. Bg5 Be7 15. Bd3 Rc8 16. Rhe1 O-O 17. h3 b5 18. g4 h4 19. Bxh4 Nf4 {Vidit,S
(2707)-Korobov,A (2678) Poikovsky 2018}) 12... Bg7 13. O-O a5 $5 {"I tried a
little experiment in the opening that was a little dubious but gave plenty of
play." (MVL)} 14. a4 O-O 15. Bb5 (15. Nc1 Nc5 16. c3 Qc7 17. Rd1 Kh7 18. Ra2
Ng8 19. Bb5 e4 20. f4 Ne7 {Palekha,A (2421)-Kovchan,A (2536) Serpukhov 2003})
15... Qc7 16. c4 b6 17. h3 Nc5 18. Nxc5 bxc5 19. Ra3 Nh7 20. Rb3 f5 21. Bc6 ({
In hindsight, Carlsen suggested} 21. Qe1) 21... Rab8 {"I think this was a
miscalculation but still it's not so simple." (Carlsen)} (21... Ra7 22. Qe1 {
was "terrible" according to MVL.}) 22. Rb5 f4 23. Bf2 e4 24. Qc2 $1 {Missed by
MVL. "I was counting on that from far away and I was very optimistic about my
chances for sure." (Carlsen)} Qe7 (24... e3 25. Be1 {attacks a5 and g6.}) 25.
Qxe4 Qxe4 26. fxe4 Ng5 27. Re1 Nf7 28. Rb1 Ng5 29. Rxa5 $2 {"Basically I just
missed that the d3-square existed, which is pretty unforgivable." (Carlsen)} (
29. Bh4 $6 Nxe4 30. Be7 f3 {MVL}) (29. Be1 f3 $5 30. h4 Bd4+ 31. Kf1 Nxe4 32.
Rxb8 fxg2+ 33. Kxg2 Rxb8 34. Bxa5 Rb3 {and Black is OK. "Long variation, wrong
variation," - Carlsen.}) 29... Rb3 30. Rb5 Rd3 {"Here I was terrified. It's
coming apart." (Carlsen)} 31. Re1 ({Carlsen really wanted to play} 31. b4 Nxe4
32. bxc5 {but he thought} Rd2 {was very strong. However, it's not completely
clear after} 33. cxd6 Rxf2 34. Re1 Rxg2+ 35. Kxg2 f3+ 36. Kh1 Ng3+ 37. Kh2 f2
38. Rbb1) 31... f3 (31... Bd4 {is also interesting (MVL).}) 32. h4 Nf7 ({
Engines point out that} 32... Rd2 $3 {was a winning move here, and MVL did
consider it. However, after} 33. hxg5 fxg2 34. Be3 {it's very hard for humans
to find the quiet} Rc2 $3 ({MVL looked at} 34... Bd4 {but the simple} 35. Rb3 {
just wins}) {when Black wins beautifully. As soon as he was told Rc2 is the
winning move, MVL saw why:} 35. Bd7 (35. Ra5 Rf3 $1) 35... Be5 $1 36. Bh3 Rf1+
37. Rxf1 Bh2+ $1 38. Kxh2 gxf1=Q+ {Amazing stuff.}) 33. a5 Ne5 34. a6 Rd2 35.
a7 fxg2 (35... Rxf2 36. Kxf2 Ng4+ 37. Kf1 Nh2+ 38. Kf2 Ng4+ {is just a draw.})
36. a8=Q ({Also interesting was} 36. Rb8 Nf3+ 37. Kxg2 Nxe1+ 38. Kf1 Rdxf2+ 39.
Kxe1 Kh7 $1 40. Rxf8 Rxf8 41. a8=Q Rxa8 42. Bxa8 {but Carlsen felt his bishop
was "so terrible" that this could well be lost for White, although a
study-like draw might still exist after} Bf6 43. e5 Bxh4+ 44. Ke2 Be7 45. b4 (
45. e6 g5 46. Kf3 Kg6) 45... dxe5 46. bxc5 Bxc5) 36... Nf3+ 37. Kxg2 Nxe1+ 38.
Kf1 Rdxf2+ 39. Kxe1 Rxa8 40. Kxf2 Rf8+ 41. Ke2 Rf4 42. b4 cxb4 (42... Rxe4+ 43.
Kf3 Rxc4 44. bxc5 {is an obvious draw (MVL).}) 43. c5 Be5 44. cxd6 Bxd6 45. Kd3
Kf7 46. Rb6 Bc5 ({"I'm not really in danger after} 46... Rxh4 {" - MVL. "But
you're not really in danger of winning either!" - Carlsen.}) 47. Rb5 Bd6 48.
Rb6 Bc5 49. Rb5 1/2-1/2

[Event "51st Biel GM 2018"]
[Site "Biel SUI"]
[Date "2018.07.29"]
[Round "7.3"]
[White "Georgiadis, Nico"]
[Black "Svidler, Peter"]
[Result "0-1"]
[WhiteElo "2526"]
[BlackElo "2753"]
[PlyCount "56"]
[EventDate "2018.07.22"]

1. e4 c5 2. Nf3 d6 3. d4 cxd4 4. Nxd4 Nf6 5. Nc3 a6 6. Be3 e6 {Svidler spent
eight minutes on this move...} 7. g4 h6 8. h4 e5 {...and 18 minutes on this
one. Svidler said that when this line in fashion and he played it as White, he
tried all kinds of moves but not h4.} ({He also looked at} 8... d5 {quite
deeply.}) 9. Nf5 g6 (9... Nc6 10. Bc4 Be6 11. Bb3 h5 12. gxh5 Bxf5 13. exf5 Qd7
{Kobalia,M (2677)-Inarkiev,E (2707) Konya 2012}) 10. Nxh6 (10. Bg2 d5) 10...
Bxh6 11. Bxh6 (11. g5 Ng4 12. gxh6 (12. Bc1 Qb6 {was what Svidler had
calculated.}) 12... Nxe3 13. fxe3 Rxh6 14. Qf3 Be6 15. O-O-O Nc6 16. h5 Qg5 {
Kurmann,O (2456)-Fier,A (2573) Basel 2013}) 11... Bxg4 12. f3 ({Svidler
expected} 12. Qd2 Nc6 13. Bg5 Nd4 14. Bg2 Bf3 15. Kf1 {and now} Qd7 ({not
Svidler's} 15... Qc8 16. Bxf3 Nxf3 17. Qxd6) 16. Bxf6 Bxg2+ 17. Kxg2 Qg4+ 18.
Kf1 Qf3 19. Rh2 Qxf6 20. Nd5 Qd8 {is equal.}) 12... Bxf3 13. Qxf3 Rxh6 14.
O-O-O (14. Bc4 Nbd7 15. O-O-O) 14... Nc6 15. Bxa6 (15. Qf2 Nd4 16. Bh3 Nh5 17.
Nd5 Ng3 18. Rhf1 Nxf1 19. Rxf1 f5 {Boemelburg,H-Kosmol,H Germany 1996}) ({
Svidler thought} 15. Bc4 Nd4 (15... Rc8 $5) 16. Rxd4 exd4 17. e5 {was strong
but after} dxc3 (17... dxe5 18. Ne4 g5 19. Rf1 $1) 18. exf6 {he might have
missed} Rh5 $1 19. Qxb7 d5 20. Bd3 Rb8 21. Qc6+ Kf8 22. Qxc3 Rb6 {and it's not
clear if White has enough compensation.}) 15... Rxa6 16. Rhf1 ({Georgiadis
suggested} 16. Rdf1 {but Svidler had spotted} Nb4 $3 {during the game:} 17. a3
d5 18. axb4 dxe4 19. Qe3 Ra1+ 20. Nb1 Rh5) 16... Nd4 17. Rxd4 (17. Qxf6 Qxf6
18. Rxf6 {is good for Black but he should avoid} Rxh4 $6 (18... Ne6 $1 {
Georgiadis.}) 19. Rdf1 Rh7 20. Nd5 Rxa2 21. Kb1 Ra5 22. Rxd6 Rh2 23. Nc7+ Ke7
24. Rdf6) 17... exd4 18. Nd5 Rxa2 $1 19. Nxf6+ Kf8 20. Kb1 Ra5 ({The engine
says} 20... Ra7 {is more accurate.}) 21. Qf4 Kg7 22. b4 Rb5 23. Nd5 (23. Kc1 $5
) 23... f5 $1 {Now everything works for Black.} 24. exf5 Rxd5 25. f6+ Kh7 26.
Qe4 Rhh5 27. Qe6 Qf8 28. Qd7+ Kh6 0-1